000 00620nam a2200193 i 4500
001 58699
003 ES-MaACL
005 20240518063029.0
007 t|
008 031023s1930 sp ||||1| spa d
100 1 _aQueirós, Eça de,
_d1845-1900
_994499
245 1 3 _aLa capital
_b: (novela) /
_cJosé María Eça de Queiroz ; traducción de W. Fernández Flórez.
260 _aMadrid :
_b[s.n.],
_c1930 (
_fIndustrial Gráfica)
300 _a416 p. ;
_c19 cm.
700 1 _aFenández Flórez, W.
_949240
852 _aES-MaACL
_jF-13959
852 _aES-MaACL
_jA-4646
_bR.16584
999 _c58699
_d58699